000 00803nam a2200241 a 4500
001 000015997
005 20200929164230.0
008 100223s2008 dr a r 000 d spa d
020 _a9789945408157
040 _aDO-SdBNP
_bspa
_cBNPHU
082 _a862.3
_bC146v
100 1 _aCalderón de la Barca, Pedro,
_d1600-1681
_95547
245 1 3 _aLa vida es sueño /
_cPedro Calderón de la Barca.
260 _aSanto Domingo :
_bArgos,
_c2008.
300 _a110 p. :
_bil. ;
_c21 cm.
490 1 _aLiteratura Universal
504 _aIncluye referencias bibliográficas y notas al pie de las páginas.
590 _aInventariado, 2019/DG
650 4 _aTeatro español
_93071
650 4 _aLiteratura española
_9632
830 0 _aLiteratura Universal
_91125
910 _aValidado. Control de calidad. EMS
999 _c15539
_d15539